Francuski - #2 - Statystyki

Ogólne statystyki
  • Ten quiz został rozwiązany 32 razy
  • Średni wynik to 15 z 30
Statystyki odpowiedzi
Hint Odpowiedź % Poprawnych
kuchnia cuisine
83%
kraj pays
83%
kropka point
83%
mieszkanie appartement
67%
pieniądze argent
67%
stolica capitale
67%
kościół église
67%
schody escalier
67%
szpital hôpital
67%
ogród jardin
67%
gra jeu
67%
łóżko lit
67%
spodnie pantalon
67%
mydło savon
67%
budynek bâtiment
50%
sofa canapé
50%
koszula chemise
50%
spódnica jupe
50%
drzwi porte
50%
sprzedawca vendeur
50%
samolot avion
33%
prysznic douche
33%
list lettre
33%
droga/ulica route
33%
znaczek timbre
33%
winda ascenseur
17%
nauka étude
17%
pielęgniarka infirmière
17%
strażak pompier
17%
zlew évier
0%
Nie znaleziono quizów pasujących do podanych kryteriów
Rozkład punktacji
Procent ludzi z każdym wynikiem
Percentyl według liczby udzielonych odpowiedzi
Twoja historia wyników
Nie rozwiązałeś tego quizu